[Event "59th ch-USA w 2019"]
[Site "Saint Louis USA"]
[Date "2019.03.23"]
[Round "4.4"]
[White "Foisor,S"]
[Black "Krush,I"]
[Result "1-0"]
[WhiteElo "2276"]
[BlackElo "2451"]

1.e4 c5 2.Nf3 d6 3.d4 cxd4 4.Nxd4 Nf6 5.Nc3 Nc6 6.Bg5 e6 7.Qd3 a6 8.Nxc6 bxc6
9.O-O-O Be7 10.h4 O-O 11.Qg3 e5 12.Bc4 Be6 13.Qd3 Qb6 14.Bxe6 fxe6 15.Qh3 Kf7
16.f4 Rab8 17.b3 Rfd8 18.Rhf1 Qc5 19.f5 exf5 20.Rxf5 a5 21.Bxf6 gxf6 22.Rh5 Rh8
23.Rd3 a4 24.Nxa4 Qa3+ 25.Kd2 Qxa2 26.Qf5 h6 27.g4 Rbd8 28.g5 hxg5 29.Rh7+ Rxh7
30.Qxh7+ Ke6 31.hxg5 d5 32.Qf5+ Kf7 33.exd5 Rxd5 34.Rxd5 cxd5 35.g6+ Kg7
36.Qh5 Bb4+ 37.Kd3 f5 38.Qh7+ Kf6 39.g7 Qa1 40.g8=N+ Kg5 41.Qh6+ Kg4 42.Nf6+ Kg3
43.Qg5+ Kh2 44.Qh4+ Kg2 45.Qxb4 e4+ 46.Nxe4 dxe4+ 47.Kd2 Qe5 48.Qc5 Qxc5
49.Nxc5 Kf2 50.Kc3 e3 51.b4 e2 52.Nd3+ Ke3 53.b5 f4 54.b6 f3 55.b7 f2 56.b8=Q e1=Q+
57.Nxe1 fxe1=Q+ 58.Kb2 Qa5 59.Qg3+ Ke2 60.Qd3+ Kf2 61.Qd4+ Kg2 62.c3 Kh1
63.c4 Qb4+ 64.Kc2 Qa4+ 65.Kd2 Qb4+ 66.Qc3 Qd6+ 67.Kc2 Qg6+ 68.Qd3 Qg2+ 69.Kc3 Qg7+
70.Qd4 Qg3+ 71.Kb4 Qb8+ 72.Ka5 Qa8+ 73.Kb5 Qe8+ 74.Kb4 Qb8+ 75.Kc3 Qg3+ 76.Kc2 Qg2+
77.Kc1 Qg5+ 78.Qd2 Qe7 79.Qd5+ Kg1 80.c5 Qe3+ 81.Kd1 Qc3 82.Qg5+ Kh1 83.Qh5+ Kg1
84.Qg4+ Kh2 85.Qf4+ Kh3 86.Qf5+ Kg3 87.Qc2 Qd4+ 88.Kc1 Qf4+ 89.Kb2 Qc7 90.c6 Kh4
91.Qc4+ Kg3 92.Kb3 Kh2 93.Qc2+ Kh1 94.Qd1+ Kh2 95.Qd7 Qb6+ 96.Kc4 Qa6+ 97.Kc5 Qa5+
98.Kd6 Qa3+ 99.Kc7 Qa7+ 100.Kd8 Qb8+ 101.Ke7 Qe5+ 102.Qe6 Qc7+ 103.Ke8 Kh1
104.Kf8 Qd8+ 105.Kf7 Qc7+ 106.Kg6 Qg3+ 107.Kh7 Qd3+ 108.Qg6 Qc4 109.Qh6+ Kg1
110.Qd6 Kh1 111.c7 Qc2+ 112.Kg7 Qc3+ 113.Kf7 Qc4+ 114.Ke7 Qe4+ 115.Qe6 Qh7+
116.Kd6 Qh2+ 117.Kc6 Qc2+ 118.Kb7 Qb2+ 119.Qb6 Qg7 120.Ka8 Qf8+ 121.Ka7 Qa3+
122.Kb8 Qg3 123.Qb1+ Kh2 124.Qb2+ Kh1 125.Kb7 Qf3+ 126.Ka7 Qe3+ 127.Ka6 Qd3+
128.Qb5 Qa3+ 129.Kb6 Qe3+ 130.Kb7 Qe7 131.Qd5+ Kh2 132.Qd4 Qf7 133.Qd3 Qe7
134.Qd2+ Kh1 135.Qh6+ Kg1 136.Qf4 Qd7 137.Qg5+ Kh1 138.Qh6+ Kg1 139.Kb8 Qb5+
140.Ka7 Qa5+ 141.Kb7 Qd5+ 142.Qc6 Qf7 143.Ka8 Qa2+ 144.Kb8 Qb3+ 145.Qb7 Qg3
146.Ka8  1-0

[Event "59th ch-USA w 2019"]
[Site "Saint Louis USA"]
[Date "2019.03.24"]
[Round "5.4"]
[White "Krush,I"]
[Black "Gorti,Akshita"]
[Result "1/2-1/2"]
[WhiteElo "2451"]
[BlackElo "2272"]

1.d4 e6 2.c4 Nf6 3.Nf3 d5 4.e3 Bb4+ 5.Bd2 Be7 6.Nc3 O-O 7.Rc1 b6 8.cxd5 exd5
9.Bd3 Bb7 10.Ne5 c5 11.O-O Nbd7 12.f4 Ne4 13.Qc2 Ndf6 14.dxc5 Bxc5 15.Nxe4 Nxe4
16.Bxe4 dxe4 17.b4 Bd6 18.Ng4 Qe7 19.Qb2 Rac8 20.Bc3 f6 21.a3 Rc7 22.Bd4 Rxc1
23.Rxc1 Qe6 24.Nf2 Rc8 25.Rc2 Rxc2 26.Qxc2 Qd5 27.g3 h5 28.Qa4 Bc6 29.Qa6 Bb5
30.Qc8+ Kh7 31.Qc2 Bc6 32.Nd1 a5 33.Bxb6 axb4 34.axb4 Bxb4 35.Bd4 Bd7 36.Nf2 Bc6
37.Qb1 Bd6 38.Qc2 Bb4 39.Qb1 Bd6 40.Qc2 Bb4  1/2-1/2

[Event "59th ch-USA w 2019"]
[Site "Saint Louis USA"]
[Date "2019.03.25"]
[Round "6.3"]
[White "Abrahamyan,T"]
[Black "Krush,I"]
[Result "1-0"]
[WhiteElo "2377"]
[BlackElo "2451"]

1.e4 c5 2.Nf3 Nc6 3.d4 cxd4 4.Nxd4 g6 5.Nc3 Bg7 6.Be3 Nf6 7.Bc4 O-O 8.Bb3 d6
9.f3 Bd7 10.h4 h5 11.Qd2 Na5 12.O-O-O Nxb3+ 13.cxb3 a5 14.Bh6 a4 15.bxa4 Bxa4
16.Rdg1 Qa5 17.Bxg7 Kxg7 18.g4 Rh8 19.gxh5 Rxh5 20.Rg5 Rxg5 21.hxg5 Nh5 22.f4 Bd7
23.f5 Qe5 24.Re1 Rc8 25.Kb1 Rc4 26.Nf3 Qg3 27.Qd3 Rc5 28.b4 Rc8 29.Nd5 Ba4
30.Nc3 Bc6 31.b5 Bd7 32.Nd5 Bxb5 33.Qxb5 Qxf3 34.Nxe7 Rc5 35.Qb2+ Kh7 36.fxg6+ fxg6
37.Nd5 Qd3+ 38.Ka1 Rb5 39.Qf2 Rc5 40.Qf7+ Kh8 41.Qf8+ Kh7 42.Qh6+ Kg8 43.Qxg6+ Ng7
44.Qf6  1-0

[Event "59th ch-USA w 2019"]
[Site "Saint Louis USA"]
[Date "2019.03.27"]
[Round "7.2"]
[White "Krush,I"]
[Black "Zatonskih,A"]
[Result "0-1"]
[WhiteElo "2451"]
[BlackElo "2430"]

1.d4 d5 2.c4 e6 3.Nc3 Be7 4.cxd5 exd5 5.Bf4 Nf6 6.e3 Bf5 7.Nge2 O-O 8.Rc1 c6
9.Ng3 Bg6 10.h4 h6 11.h5 Bh7 12.Bd3 Bxd3 13.Qxd3 Bd6 14.Bxd6 Qxd6 15.Nf5 Qd7
16.g4 Na6 17.f3 Ne8 18.Kf2 Nd6 19.Rcg1 f6 20.Ne2 Nc7 21.Nxd6 Qxd6 22.Ng3 Qd7
23.Nf5 Nb5 24.b4 a6 25.Rb1 Nd6 26.Rhc1 a5 27.a4 axb4 28.Rxb4 b5 29.axb5 Nxf5
30.gxf5 Qd6 31.Qd2 Ra2 32.Qxa2 Qh2+ 33.Kf1 Qxa2 34.bxc6 Qa3  0-1

[Event "59th ch-USA w 2019"]
[Site "Saint Louis USA"]
[Date "2019.03.28"]
[Round "8.4"]
[White "Yip,Carissa"]
[Black "Krush,I"]
[Result "0-1"]
[WhiteElo "2279"]
[BlackElo "2451"]

1.e4 c5 2.Nf3 Nc6 3.d4 cxd4 4.Nxd4 g6 5.Nc3 Bg7 6.Be3 Nf6 7.Bc4 Qa5 8.O-O O-O
9.Bb3 d6 10.h3 Bd7 11.f4 Nxd4 12.Bxd4 Bc6 13.Re1 Nd7 14.Bxg7 Kxg7 15.Kh1 Qc5
16.Qe2 e6 17.Rad1 Rad8 18.a4 a6 19.Rd3 b5 20.Qd2 b4 21.Na2 Nf6 22.Qxb4 Qxb4
23.Nxb4 Bxe4 24.Rd4 a5 25.Nd3 d5 26.Kg1 Rb8 27.Ne5 Rfc8 28.Re2 h5 29.g4 Rc7
30.Kf2 Ng8 31.Nf3 Nf6 32.Kg3 Nd7 33.Ng5 Nc5 34.Nxe4 Nxe4+ 35.Kf3 hxg4+ 36.hxg4 Nc5
37.Re3 Rcb7 38.Rd2 Nxb3 39.cxb3 Rxb3 40.Rc3 Rxc3+ 41.bxc3 Rb3 42.Rd3 Ra3  0-1

[Event "59th ch-USA w 2019"]
[Site "Saint Louis USA"]
[Date "2019.03.29"]
[Round "9.5"]
[White "Krush,I"]
[Black "Sharevich,A"]
[Result "1/2-1/2"]
[WhiteElo "2451"]
[BlackElo "2282"]

1.d4 d5 2.c4 e6 3.Nc3 Be7 4.cxd5 exd5 5.Bf4 Nf6 6.e3 O-O 7.Bd3 c5 8.dxc5 Bxc5
9.Nge2 Nc6 10.O-O h6 11.Nb5 Bg4 12.Rc1 Be7 13.h3 Be6 14.Ned4 Nxd4 15.Nxd4 Bd6
16.Qf3 a6 17.Rc2 Ne8 18.Rfc1 Qf6 19.Qg3 Bxf4 20.Qxf4 Qxf4 21.exf4 Bd7 22.Rc5 Nf6
23.Rc7 Rab8 24.g4 Rfd8 25.f3 Ne8 26.R7c5 b6 27.R5c3 a5 28.Kf2 Nd6 29.b3 Nb7
30.a3 Nc5 31.f5 Rbc8 32.Ke3 Re8+ 33.Kd2 Kf8 34.b4 axb4 35.axb4 Nxd3 36.Rxc8 Nxc1
37.Rxe8+ Kxe8 38.Kxc1 Ke7 39.Kd2 Kd6 40.Ke3 Ke5 41.f4+ Kd6 42.h4 Ke7 43.Ne2 h5
44.Nc3 d4+ 45.Kxd4 hxg4 46.Nd5+ Kd6 47.f6 g6 48.Nxb6 g3 49.Ke3 Bc6 50.Nc4+ Ke6
51.Ne5 Bd5 52.b5 Kxf6 53.b6 g2 54.Kf2 Kf5 55.Nxf7 Kxf4 56.Nd6 Kg4 57.b7 Bxb7
58.Nxb7 Kxh4 59.Kxg2  1/2-1/2

[Event "59th ch-USA w 2019"]
[Site "Saint Louis USA"]
[Date "2019.03.30"]
[Round "10.5"]
[White "Eswaran,Ashritha"]
[Black "Krush,I"]
[Result "1/2-1/2"]
[WhiteElo "2234"]
[BlackElo "2451"]

1.e4 c5 2.Nf3 Nc6 3.d4 cxd4 4.Nxd4 g6 5.c4 Bg7 6.Be3 Nf6 7.Nc3 d6 8.Be2 O-O
9.O-O Bd7 10.Rc1 Nxd4 11.Bxd4 Bc6 12.f3 a5 13.Qd2 Nd7 14.Be3 Nc5 15.Rfd1 a4
16.Rc2 Be5 17.Bf1 b6 18.Nd5 Ra7 19.Nb4 Bd7 20.Nd3 Bg7 21.Qf2 Qb8 22.Nb4 Re8
23.Kh1 h5 24.Rd5 Qc7 25.Rd1 Rb8 26.Nd5 Qd8 27.Qh4 Bc6 28.Bg5 Rbb7 29.Nc3 Qf8
30.Be3 Be5 31.Nd5 Qg7 32.Qf2 Qf8 33.Qh4 Bg7 34.Nc3 Be8 35.Nd5 Bh6 36.Bd4 Bg7
37.Be3 Be5 38.Nc3 e6 39.Qf2 f5 40.exf5 gxf5 41.Bd4 Bf4 42.Be3 Be5 43.Bd4 Bf4
44.Be3 Be5 45.Bd4  1/2-1/2

[Event "59th ch-USA w 2019"]
[Site "Saint Louis USA"]
[Date "2019.03.31"]
[Round "11.5"]
[White "Krush,I"]
[Black "Feng,Maggie"]
[Result "1-0"]
[WhiteElo "2451"]
[BlackElo "2199"]

1.c4 e5 2.Nc3 Nc6 3.g3 Bc5 4.Bg2 a6 5.e3 d6 6.Nge2 Ba7 7.d4 exd4 8.exd4 Nge7
9.O-O O-O 10.Be3 Nf5 11.Qd2 Re8 12.Rae1 Nxe3 13.fxe3 Ne7 14.Qd3 c6 15.Kh1 Rb8
16.Be4 g6 17.Bg2 b5 18.b3 d5 19.c5 b4 20.Nb1 Bf5 21.Qd1 Kg7 22.Nf4 Qd7 23.Nd2 Ng8
24.e4 dxe4 25.Nxe4 Bxe4 26.Rxe4 Rxe4 27.Bxe4 Nf6 28.Bg2 Rd8 29.d5 Nxd5 30.Nxd5 cxd5
31.Qd4+ Kg8 32.Qxb4 Qc7 33.Rc1 d4 34.Qb7 Bb8 35.Qxc7 Bxc7 36.Bf1 a5 37.Bd3 Kf8
38.a3 Rb8 39.Rb1 Ke7 40.b4 axb4 41.axb4 Kd7 42.b5 Ra8 43.b6 Be5 44.c6+ Ke7
45.b7 Rb8 46.Re1 Kd6 47.Rxe5 Kxc6 48.Re7 f5 49.Rxh7 Rxb7 50.Rxb7 Kxb7 51.Kg2 Kc6
52.Kf3 Kd6 53.Kf4 Ke6 54.Kg5 Kf7 55.h4 Kg7 56.Bc4 Kh7 57.Bf7 d3 58.Bxg6+ Kg7
59.Bxf5 d2 60.Bc2  1-0

[Event "IMSA Masters Rapid Women"]
[Site "Hengshui CHN"]
[Date "2019.05.14"]
[Round "1.5"]
[White "Abdumalik,Z"]
[Black "Krush,I"]
[Result "1-0"]
[WhiteElo "2464"]
[BlackElo "2422"]

1.e4 c5 2.Nf3 d6 3.d4 cxd4 4.Nxd4 Nf6 5.Nc3 Nc6 6.Bg5 Qb6 7.Be3 a6 8.Nxc6 Qxc6
9.f3 g6 10.Qd2 Bg7 11.g4 Be6 12.O-O-O Rc8 13.Kb1 b5 14.a3 h5 15.g5 Nd7 16.Nd5 Ne5
17.Be2 Nc4 18.Bxc4 Qxc4 19.Rhe1 Bxd5 20.exd5 O-O 21.f4 a5 22.Qd3 a4 23.Bc1 Rfe8
24.Re4 Qxd3 25.Rxd3 f5 26.Rb4 Rb8 27.c4 bxc4 28.Rxc4 e5 29.dxe6 Rxe6 30.Rb4 Rc8
31.Be3 Rce8 32.Bd4 Re4 33.Bxg7 Rxb4 34.axb4 Kxg7 35.Rxd6 Re4 36.b5 Rb4 37.b6 Kf7
38.Ka2 Rxf4 39.Ka3 Re4 40.b7 Re8 41.Rf6+ Kg7 42.Rc6 Rb8 43.Rc7+  1-0

[Event "IMSA Masters Rapid Women"]
[Site "Hengshui CHN"]
[Date "2019.05.14"]
[Round "2.8"]
[White "Krush,I"]
[Black "Khotenashvili,B"]
[Result "1/2-1/2"]
[WhiteElo "2422"]
[BlackElo "2476"]

1.d4 Nf6 2.c4 g6 3.Nc3 d5 4.cxd5 Nxd5 5.e4 Nxc3 6.bxc3 Bg7 7.Bg5 c5 8.Rc1 O-O
9.d5 f6 10.Be3 b6 11.Nf3 e5 12.Be2 Na6 13.O-O Nc7 14.d6 Ne6 15.Qd5 Bd7 16.a4 Kh8
17.Bb5 a6 18.Bxd7 Qxd7 19.Rb1 Rab8 20.Qd3 b5 21.axb5 axb5 22.Rfd1 Rb6 23.Qd5 Rc8
24.h3 Bf8 25.Qa2 Rcb8 26.Rd5 Rxd6 27.Rbd1 Rxd5 28.exd5 Nd8 29.Nd2 f5 30.Nb3 Rc8
31.Qa6 Bd6 32.Na5 f4 33.Bc1 Kg7 34.c4 b4 35.Bb2 Kg8 36.Nc6 Nf7 37.Re1 Re8
38.f3 Qf5 39.Qa1 Qc2 40.Bxe5 Qxc4 41.Bxd6 Nxd6 42.Rxe8+ Nxe8 43.Qe5 Qc1+
44.Kh2 Qe3 45.Qb8 Kf8 46.Ne5 Qe1 47.Nd7+ Ke7 48.Nxc5 Qg3+ 49.Kh1 Qe1+ 50.Kh2 Qg3+
51.Kh1 Qe1+  1/2-1/2

[Event "IMSA Masters Rapid Women"]
[Site "Hengshui CHN"]
[Date "2019.05.14"]
[Round "3.6"]
[White "Ushenina,A"]
[Black "Krush,I"]
[Result "1-0"]
[WhiteElo "2442"]
[BlackElo "2422"]

1.d4 d5 2.Nf3 Nf6 3.Bf4 c5 4.e3 Nc6 5.Nbd2 cxd4 6.exd4 Bf5 7.Bb5 Bd7 8.c3 g6
9.O-O Bg7 10.h3 O-O 11.Re1 Re8 12.a4 a6 13.Bf1 Bf5 14.Ne5 Rc8 15.Nxc6 Rxc6
16.a5 Rc8 17.Qb3 Qd7 18.Ra4 Nh5 19.Bh2 Bh6 20.Nf3 Nf4 21.Ne5 Qd8 22.Rb4 Qxa5
23.Rxb7 f6 24.Ng4 Bxg4 25.hxg4 g5 26.Rexe7 Rxe7 27.Rxe7 Qd8 28.Rb7 Bf8 29.Bxa6 Ra8
30.Qb6 Qe8 31.Bxf4 gxf4 32.Qxf6 Qe1+ 33.Kh2 Qe4 34.f3 Qg6 35.Qxg6+ hxg6 36.Rb6 Kf7
37.Bb7 Rd8 38.Kg1 Be7 39.Kf2 Bh4+ 40.Ke2 Re8+ 41.Kd2 Rd8 42.b4 Rd7 43.Kc2 Bd8
44.Rb5 Ke6 45.Bc8  1-0

[Event "IMSA Masters Rapid Women"]
[Site "Hengshui CHN"]
[Date "2019.05.14"]
[Round "4.8"]
[White "Krush,I"]
[Black "Paehtz,E"]
[Result "1/2-1/2"]
[WhiteElo "2422"]
[BlackElo "2470"]

1.d4 d6 2.Nf3 g6 3.c4 Bg7 4.Nc3 e5 5.e4 Bg4 6.d5 a5 7.Be2 Na6 8.O-O h5 9.Ne1 Nf6
10.Nd3 b6 11.Bxg4 hxg4 12.Bg5 Qd7 13.f3 Nh7 14.Be3 Nf6 15.Bg5 Nh7 16.Bd2 Nf6
17.fxg4 Nxg4 18.h3 Nf6 19.Qf3 Nc5 20.Nxc5 bxc5 21.Rf2 O-O 22.g4 Nh7 23.h4 Qe7
24.Qg3 Rab8 25.b3 f5 26.gxf5 gxf5 27.exf5 e4 28.Re1 Kh8 29.Rxe4 Be5 30.Qf3 Rg8+
31.Kf1 Qg7 32.Ne2 Nf6 33.Bg5 Nxe4 34.Qxe4 Qf7 35.Nf4 Bxf4 36.Qxf4 Rbe8 37.Kg2 Re5
38.Kh2 Rge8 39.Qg4 Re4 40.Qf3 Kh7 41.Rg2 R4e5 42.f6 Rg8 43.Rf2 Kh8 44.Qg4 Ree8
45.Rg2 Re5 46.Qf3 Ree8 47.Rg3 Re5 48.Rg2 Ree8 49.Qf4 Re5 50.Rf2 Rg6 51.Rg2 Rg8
52.Qf3 Ree8 53.Qc3 Re4 54.Qf3 Re5 55.Qd3 Ree8 56.Rg4 Re5 57.Rg2 Qh5 58.Qh3 Qf7
59.Qf3 Ree8 60.Qg4 Re5 61.Qf3 Ree8 62.Kg1 Re1+ 63.Kh2 Ree8 64.Qd3 Re5 65.Qf3 Ree8
66.Qd3 Re5 67.Qf3 Ree8 68.Qd3 Re5 69.Qf3  1/2-1/2

[Event "IMSA Masters Rapid Women"]
[Site "Hengshui CHN"]
[Date "2019.05.15"]
[Round "5.7"]
[White "Bodnaruk,A"]
[Black "Krush,I"]
[Result "1/2-1/2"]
[WhiteElo "2431"]
[BlackElo "2422"]

1.e4 c5 2.Nf3 d6 3.d4 cxd4 4.Nxd4 Nf6 5.Nc3 Nc6 6.Bc4 e6 7.Be3 a6 8.Qe2 Qc7
9.Bb3 Na5 10.O-O-O b5 11.f3 Nxb3+ 12.axb3 Be7 13.g4 b4 14.Na4 Nd7 15.g5 Nc5
16.Kb1 Bd7 17.h4 Bxa4 18.bxa4 Nxa4 19.h5 O-O 20.f4 Rfb8 21.Nb3 a5 22.g6 Bf6
23.gxf7+ Kxf7 24.Bc1 Nc3+ 25.bxc3 a4 26.Nd4 bxc3+ 27.Ka2 Bxd4 28.Rxd4 Qb6
29.Ba3 Qxd4 30.Rd1 Qb6 31.f5 Qa6 32.fxe6+ Kg8 33.Qxa6 Rxa6 34.Bxd6 Re8 35.e7 Rxd6
36.Rxd6 Rxe7 37.Rd4 Rb7 38.Rxa4 Rb2+ 39.Ka3 Rxc2 40.Kb3 Rh2 41.Kxc3 Rxh5
42.Kd4 Rb5 43.e5 Kf7 44.Ke4 h5 45.Ra7+ Kg6 46.Ra6+ Kg5 47.Ra7 g6 48.Rh7 Ra5
49.Rf7 Ra1 50.e6 Re1+ 51.Kd5 h4 52.Rh7 Kg4 53.Kd6 g5 54.e7 Kg3 55.Rh6 Rxe7
56.Kxe7 h3 57.Kf6 g4 58.Kf5 h2 59.Rxh2 Kxh2 60.Kxg4  1/2-1/2

[Event "IMSA Masters Rapid Women"]
[Site "Hengshui CHN"]
[Date "2019.05.15"]
[Round "6.6"]
[White "Tan Zhongyi"]
[Black "Krush,I"]
[Result "0-1"]
[WhiteElo "2513"]
[BlackElo "2422"]

1.c4 c5 2.Nf3 Nc6 3.Nc3 g6 4.e3 Nf6 5.d4 cxd4 6.exd4 d5 7.cxd5 Nxd5 8.Qb3 Nxc3
9.Bc4 Nd5 10.Bxd5 e6 11.Bxc6+ bxc6 12.O-O f6 13.Bd2 Qd5 14.Qe3 Kf7 15.a3 a5
16.Rac1 g5 17.Bc3 Bd6 18.g3 Rg8 19.Rcd1 Bf4 20.Qd3 Ba6 21.Qxh7+ Rg7 22.Qh5+ Kg8
23.Rfe1 Bc4 24.Bd2 g4 25.Qxd5 Bxd5 26.Nh4 Bxd2 27.Rxd2 Rb8 28.Ng2 Rgb7 29.Nf4 Kf7
30.Nxd5 cxd5 31.Rc2 Rb6 32.Rc7+ Kg6 33.Ra7 Kf5 34.Rxa5 Rxb2 35.Ra6 e5 36.Rd6 R8b5
37.dxe5 fxe5 38.Rd8 d4 39.Rf8+ Ke6 40.Re8+ Kd6 41.Rd8+ Kc7 42.Re8 d3 43.Kf1 Rb1
44.Rxe5 d2 45.Re7+ Kb6 46.Re6+ Ka5 47.f3 gxf3 48.h4 dxe1=Q+ 49.Rxe1 Rxe1+
50.Kxe1 Rb2 51.g4 Rg2  0-1

[Event "IMSA Masters Rapid Women"]
[Site "Hengshui CHN"]
[Date "2019.05.15"]
[Round "7.5"]
[White "Krush,I"]
[Black "Lei Tingjie"]
[Result "0-1"]
[WhiteElo "2422"]
[BlackElo "2507"]

1.d4 Nf6 2.c4 e6 3.Nc3 Bb4 4.e3 O-O 5.Bd2 c6 6.a3 Ba5 7.Nf3 d5 8.Bd3 Nbd7
9.O-O Re8 10.Qc2 Bc7 11.Rad1 h6 12.e4 dxe4 13.Nxe4 Nxe4 14.Bxe4 Nf6 15.Bd3 b6
16.Bc3 Qe7 17.Qe2 Bb7 18.Rfe1 Rad8 19.Bb1 c5 20.d5 Nh7 21.Qe4 Nf8 22.Qg4 f6
23.Nh4 Bc8 24.Nf5 exf5 25.Rxe7 fxg4 26.Rxc7 Rd7 27.Rxd7 Nxd7 28.Bg6 Rd8 29.Re1 Nf8
30.Bd3 Kf7 31.b4 Ba6 32.bxc5 bxc5 33.Rb1 g6 34.f3 gxf3 35.gxf3 Re8 36.Kf2 Nd7
37.f4 Nb6 38.a4 Re7 39.a5 Nxd5 40.Bxg6+ Kxg6 41.cxd5 Re2+ 42.Kf3 Rc2 43.Be1 Rc4
44.Rb8 Kf5 45.Ra8 Rxf4+ 46.Kg3 Bb7 47.Rxa7 Bxd5 48.Rc7 Rf3+ 49.Kh4 c4 50.a6 Ra3
51.a7 Ke4 52.Kh5 Rh3+ 53.Kg6 Rxh2 54.Re7+ Kd4 55.Ba5 Ra2 56.Bb6+ Kd3 57.Kxf6 c3
58.Ke5 c2 59.Rc7 Bc4 60.Be3 Kxe3 61.Rxc4 Kd3 62.Rc7 Ra5+ 63.Kf6 Rxa7  0-1

[Event "IMSA Masters Rapid Women"]
[Site "Hengshui CHN"]
[Date "2019.05.16"]
[Round "9.6"]
[White "Krush,I"]
[Black "Harika,D"]
[Result "1-0"]
[WhiteElo "2422"]
[BlackElo "2492"]

1.d4 f5 2.c4 Nf6 3.Nc3 d6 4.g3 e5 5.Bg2 e4 6.f3 d5 7.cxd5 exf3 8.Nxf3 Bd6
9.O-O O-O 10.Ng5 Qe7 11.Ne6 Bxe6 12.dxe6 c6 13.Qb3 Na6 14.Rxf5 g6 15.Rf1 Ng4
16.Rxf8+ Rxf8 17.Bg5 Qxg5 18.e7+ Kh8 19.exf8=Q+ Bxf8 20.Ne4 Qe7 21.Rf1 Bg7
22.Rf7 Bxd4+ 23.Kh1 Qb4 24.Qxb4 Nxb4 25.a3 Nc2 26.Rxb7 a5 27.Bf3 Ne5 28.Ng5 h6
29.Ne6 Kg8 30.Nxd4 Nxd4 31.Kg2 Nc4 32.a4 Kf8 33.Be4 Nd6 34.Rd7 Nxe4 35.Rxd4 Nf6
36.Rd6  1-0

[Event "IMSA Masters Blitz Women"]
[Site "Hengshui CHN"]
[Date "2019.05.17"]
[Round "2.4"]
[White "Krush,I"]
[Black "Stefanova,A"]
[Result "1-0"]
[WhiteElo "2422"]
[BlackElo "2470"]

1.d4 d5 2.c4 c6 3.cxd5 cxd5 4.Bf4 Nf6 5.Nc3 a6 6.e3 Nc6 7.Bd3 Bg4 8.Nge2 e6
9.O-O Be7 10.Rc1 O-O 11.h3 Bh5 12.Bg3 Rc8 13.Na4 Nd7 14.a3 b5 15.Nc5 Nxc5
16.dxc5 e5 17.b4 f5 18.Bh2 Kh8 19.Qd2 e4 20.Bb1 Bxe2 21.Qxe2 d4 22.exd4 Nxd4
23.Qa2 Qe8 24.Rfd1 Bf6 25.Bd6 Rg8 26.Re1 Qg6 27.Kh1 Rge8 28.Rcd1 Qh5 29.Qd5 e3
30.fxe3 Rxe3 31.Ba2 Rce8 32.Rxe3 Qxd1+ 33.Kh2 Rd8 34.Qf7 h6 35.Re8+ Rxe8
36.Qxe8+ Kh7 37.Bg8+ Kh8 38.Bf7+ Kh7 39.Bg6+  1-0

[Event "IMSA Masters Blitz Women"]
[Site "Hengshui CHN"]
[Date "2019.05.17"]
[Round "3.6"]
[White "Harika,D"]
[Black "Krush,I"]
[Result "1/2-1/2"]
[WhiteElo "2492"]
[BlackElo "2422"]

1.Nf3 c5 2.b3 d6 3.Bb2 e5 4.e3 Nf6 5.Be2 Be7 6.O-O O-O 7.c4 e4 8.Ne1 d5 9.cxd5 Nxd5
10.d3 Bf6 11.Qc1 Bxb2 12.Qxb2 exd3 13.Nxd3 Qe7 14.Nc3 Nxc3 15.Qxc3 b6 16.Bf3 Bb7
17.Bxb7 Qxb7 18.Nf4 Nc6 19.Rad1 Rad8 20.Nh5 f6 21.Qc4+ Qf7 22.Qe2 Ne5 23.Nf4 Qe7
24.h3 Rxd1 25.Rxd1 Rd8 26.Nd5 Qe6 27.Nf4 Rxd1+ 28.Qxd1 Qd7 29.Qxd7 Nxd7 30.Kf1 Kf7
31.Ke2 Ne5 32.Nd5 Ke6 33.e4 Nc6 34.Ke3 Ne7 35.Nc3 Nc6 36.f4 Nb4 37.g4 g5
38.fxg5 fxg5 39.Nb5 a6 40.Nc7+ Ke5 41.a3 Nc2+ 42.Kf3 Nxa3 43.Nxa6 Nb1 44.b4 c4
45.Ke3 Nc3 46.Nb8 Nd1+ 47.Ke2 Nc3+ 48.Ke3 Nxe4 49.Nd7+ Kd5 50.Nxb6+ Kc6 51.Nxc4 Nf6
52.Ne5+ Kb5 53.Nd3 h5 54.gxh5 Nxh5 55.Ke4 Kc4 56.Ne5+ Kxb4 57.Kf5 Nf4 58.h4 gxh4
59.Kxf4  1/2-1/2

[Event "IMSA Masters Blitz Women"]
[Site "Hengshui CHN"]
[Date "2019.05.17"]
[Round "5.3"]
[White "Krush,I"]
[Black "Tan Zhongyi"]
[Result "0-1"]
[WhiteElo "2422"]
[BlackElo "2513"]

1.d4 Nf6 2.c4 e6 3.Nc3 Bb4 4.e3 O-O 5.Bd3 d5 6.Nf3 c5 7.cxd5 exd5 8.dxc5 Nbd7
9.Bd2 Nxc5 10.Be2 Ne6 11.a3 Be7 12.Nb5 Ne4 13.O-O Bf6 14.Bc3 Bxc3 15.Nxc3 Nxc3
16.bxc3 b6 17.Qb3 Nc5 18.Qb4 Be6 19.Rfd1 Qf6 20.Qd4 Qe7 21.Rab1 Rfd8 22.Ne5 Rac8
23.Bf3 Bf5 24.Rb2 Ne4 25.Rb3 f6 26.Ng4 h5 27.h3 hxg4 28.hxg4 Bg6 29.g3 Kf7
30.Kg2 Rc4 31.Qd3 Rd6 32.Qf1 Qe6 33.Rd4 Rxd4 34.cxd4 Nd2  0-1

[Event "IMSA Masters Blitz Women"]
[Site "Hengshui CHN"]
[Date "2019.05.17"]
[Round "6.3"]
[White "Tan Zhongyi"]
[Black "Krush,I"]
[Result "1-0"]
[WhiteElo "2513"]
[BlackElo "2422"]

1.c4 c5 2.Nc3 Nc6 3.Nf3 g6 4.e3 Nf6 5.d4 cxd4 6.exd4 d5 7.cxd5 Nxd5 8.Qb3 Nxc3
9.Bc4 Nd5 10.Bxd5 e6 11.Bxc6+ bxc6 12.O-O f6 13.Bd2 Qd5 14.Qe3 Bd6 15.Rfe1 Kf7
16.Bc3 g5 17.a3 a5 18.Rad1 Bf4 19.Qe4 Qxe4 20.Rxe4 a4 21.g3 Bc7 22.Nd2 Ba6
23.Rde1 Rhe8 24.R4e3 f5 25.Bb4 g4 26.Rc3 Bb5 27.Nc4 Rad8 28.Bc5 Rd5 29.Ne3 Rdd8
30.Rc2 Bd3 31.Rcc1 h5 32.Nc4 Be4 33.Red1 Bf3 34.Rd3 Be4 35.Rdd1 h4 36.Ne5+ Bxe5
37.dxe5 Bd5 38.Bd6 Rh8 39.Rd4 Ra8 40.Rb4 Kg6 41.Rd1 Rh7 42.Rb6 Rah8 43.Rd2 hxg3
44.fxg3 Rh3 45.Rb4 Ra8 46.Rc2 Rh7 47.Rd2 Kg5 48.Rdd4 Rf7 49.Rxa4 Rh8 50.Rd2 f4
51.gxf4+ Rxf4 52.Rxf4 Kxf4 53.a4 g3 54.hxg3+ Kxg3 55.Kf1 Bf3 56.Bc5 Rh5 57.Bf2+ Kf4
58.Rc2 Rh1+ 59.Bg1 Kxe5 60.a5 Be4 61.Rc5+ Kd6 62.Rc3 c5 63.a6 c4 64.a7 Bd5
65.Ra3 Ba8 66.Ra5 e5 67.Kf2 Rh7 68.Ke2 Rd7 69.Be3 Kc6 70.Ra6+ Kd5 71.Ra5+ Kc6
72.Rxe5 Kb7 73.Re8 Ka6 74.Rxa8  1-0

[Event "IMSA Masters Blitz Women"]
[Site "Hengshui CHN"]
[Date "2019.05.17"]
[Round "7.5"]
[White "Zhao Xue"]
[Black "Krush,I"]
[Result "0-1"]
[WhiteElo "2485"]
[BlackElo "2422"]

1.c4 c5 2.Nf3 Nc6 3.g3 g6 4.Bg2 Bg7 5.O-O e6 6.Nc3 Nge7 7.d4 cxd4 8.Nb5 d5
9.cxd5 Nxd5 10.Nbxd4 Nxd4 11.Nxd4 O-O 12.e4 Nb4 13.Be3 Bd7 14.Qe2 Nc6 15.Nb5 a6
16.Nd6 Nd4 17.Bxd4 Bxd4 18.Rfd1 e5 19.Nc4 Qe7 20.Ne3 Be6 21.Nd5 Bxd5 22.exd5 Qd6
23.Rac1 Rac8 24.Rc2 Rc5 25.Rdc1 Rfc8 26.Rxc5 Bxc5 27.Kf1 a5 28.b3 Kg7 29.Rc2 f5
30.g4 f4 31.Be4 b6 32.Kg2 Rf8 33.g5 Qd7 34.h4 f3+ 35.Bxf3 Qd6 36.Rc4 Rf5
37.Re4 Bd4 38.Rg4 Qc5 39.Kg3 Qc7  0-1

[Event "IMSA Masters Blitz Women"]
[Site "Hengshui CHN"]
[Date "2019.05.17"]
[Round "8.5"]
[White "Krush,I"]
[Black "Zhao Xue"]
[Result "0-1"]
[WhiteElo "2422"]
[BlackElo "2485"]

1.d4 Nf6 2.c4 e6 3.Nc3 Bb4 4.e3 d5 5.Nf3 O-O 6.Bd2 Re8 7.Rc1 Bf8 8.Bd3 b6
9.O-O Bb7 10.Qe2 c5 11.dxc5 bxc5 12.Rfd1 Nbd7 13.e4 d4 14.Na4 Bc6 15.Bc2 e5
16.Ne1 Rb8 17.Rb1 Bd6 18.f3 Nf8 19.Nd3 Ne6 20.b3 Nh5 21.Nab2 Qf6 22.g3 Qg6
23.Rf1 Nhf4 24.Nxf4 exf4 25.g4 h5 26.h3 Qg5 27.Nd3 f6 28.Kg2 Kf7 29.Rh1 Rh8
30.Nf2 Qh4 31.Rbg1 Qg5 32.Kf1 hxg4 33.hxg4 Nc7 34.Nd3 Ne6 35.Qg2 Bb7 36.Rxh8 Rxh8
37.Rh1 Rh6 38.Rxh6 Qxh6 39.Kg1 Ng5 40.Bd1 Qh4 41.Be1 Qh6 42.Qh2 Qxh2+ 43.Kxh2 Ne6
44.Kg2 Ke7 45.Bd2 Kf7 46.a3 Ba6 47.Bc2 g5 48.Bd1 Nd8 49.Bc2 Nc6 50.Bb1 Bc8
51.b4 cxb4 52.axb4 Be6 53.c5 Bc7 54.b5 Ne5 55.Nxe5+ fxe5 56.Bd3 Bb3 57.Bb4 Bd1
58.c6 Bb6 59.Bd6 Ke6 60.c7 Kd7 61.Bxe5 Bb3 62.Kf2 Bxc7 63.Bxd4 Bb6 64.Bxb6 axb6
65.Ke2 Kd6 66.Kd2 Kc5 67.e5 Kd5 68.Be4+ Kxe5 69.Kc3 Ba4 70.Kc4 Bd1 71.Bc6 Be2+
72.Kc3 Bd1 73.Kd3 Bb3 74.Kc3 Ba2 75.Kd3 Bd5 76.Bxd5 Kxd5 77.Kc3 Kc5  0-1

[Event "IMSA Masters Blitz Women"]
[Site "Hengshui CHN"]
[Date "2019.05.17"]
[Round "10.6"]
[White "Abdumalik,Z"]
[Black "Krush,I"]
[Result "0-1"]
[WhiteElo "2464"]
[BlackElo "2422"]

1.e4 c5 2.Nf3 d6 3.d4 cxd4 4.Nxd4 Nf6 5.Nc3 Nc6 6.Bg5 Qb6 7.Be3 a6 8.Nxc6 Qxc6
9.f3 g6 10.Qd2 Bg7 11.Be2 Be6 12.a4 Rc8 13.Bd4 h5 14.O-O O-O 15.a5 Nd7 16.Ra4 Bxd4+
17.Qxd4 Qc5 18.Rd1 Qxd4+ 19.Rdxd4 Rc7 20.f4 Kg7 21.Rab4 Nc5 22.Bf3 Bg4 23.Nd5 Rd7
24.Nb6 Rc7 25.Nd5 Rd7 26.Bxg4 hxg4 27.Rbc4 e5 28.Rd1 exf4 29.Nxf4 Re7 30.Rxd6 Nxe4
31.Rd1 Rfe8 32.Rcd4 Nf6 33.b4 Re4 34.c3 g5 35.Nd5 Rxd4 36.Rxd4 Rd8 37.c4 Nxd5
38.cxd5 f5 39.Kf2 Kf6 40.d6 Ke6 41.h3 gxh3 42.gxh3 Rxd6 43.Rc4 Rd2+ 44.Kg3 Rd3+
45.Kg2 Rb3 46.h4 g4 47.h5 Kf6 48.h6 Kg6 49.h7 Kxh7 50.Rc7+ Kg6 51.Rxb7 Kg5
52.Rb6 Kf4 53.Rxa6 Rb2+ 54.Kg1 Kg3 55.Kf1 Rb1+ 56.Ke2 Rxb4 57.Rf6 f4 58.a6 Rb2+
59.Kd3 Ra2 60.Ke4 f3 61.Ke3 Kg2 62.Kf4 f2 63.Kxg4 f1=Q  0-1

[Event "IMSA Masters Blitz Women"]
[Site "Hengshui CHN"]
[Date "2019.05.17"]
[Round "12.5"]
[White "Paehtz,E"]
[Black "Krush,I"]
[Result "1-0"]
[WhiteElo "2470"]
[BlackElo "2422"]

1.d4 d5 2.Bf4 Nf6 3.e3 c5 4.Nf3 Nc6 5.c3 Qb6 6.Qb3 c4 7.Qc2 Bf5 8.Qc1 Nh5
9.Bg5 h6 10.Bh4 g5 11.Bg3 Nxg3 12.hxg3 Bg7 13.Nbd2 e5 14.dxe5 Nxe5 15.Nxe5 Bxe5
16.Be2 O-O 17.g4 Bh7 18.Nf3 Bg7 19.Qd2 Rad8 20.Bd1 f5 21.gxf5 Bxf5 22.Nd4 Be4
23.O-O Rf7 24.Bg4 Rd6 25.b3 Bg6 26.Be2 Qc5 27.Rad1 h5 28.bxc4 dxc4 29.Qb2 g4
30.a4 a6 31.Qa2 b5 32.axb5 axb5 33.Qa8+ Rf8 34.Qb7 Rb6 35.Qd7 Be8 36.Qa7 Rf7
37.Qa8 Qe5 38.Ra1 Rb8 39.Qa6 g3 40.Nf3 gxf2+ 41.Kxf2 Qxc3 42.Qd6 Rc8 43.Rad1 Qf6
44.Qd5 Bc6 45.Qxh5 Re8 46.Kg1 Qe6 47.Ng5 Qxe3+ 48.Kh1 Rxf1+ 49.Rxf1 Be4 50.Qxe8+  1-0